00650 2200241 4500001002100000005001500021035002000036007000300056008004100059020002200100082001000122084001400132100003500146245005200181250001000233260003500243300003400278650002300312700002000335520003100355990001100386990001100397INLIS00000000000461520191216104757 a0010-1219000067ta191216 g 0 ind  a978-602-6559-05-0 a929.8 a929.8 BUK0 aBUKU, Pintar Sejarah Indonesia1 aBuku Pintar Sejarah Indonesia /cTim Bina Karya acet.1 aYogyakarta :bIndoeduka,c2017 av, 137 hlm. :bilus. ;c20 cm 4aSEJARAH. INDONESIA0 aTIM, Bina Karya aBibliografi: hlm. 1363-137 a7274 a a7274 b